| 000 | 00804nam a2200217 i 4500 | ||
|---|---|---|---|
| 001 | 40549 | ||
| 003 | ES-MaACL | ||
| 005 | 20230906160243.0 | ||
| 007 | t| | ||
| 008 | 030306s1960 sp ||||1| spa d | ||
| 245 | 0 | 1 |
_a¿Es el celibato un fracaso? / _creflexiones y testimonios, por el... P.A.M. Carré, O.P. ; Joseph Folliet, Simone Leuret...; traducción del francés por el R.P. Francisco San Martín Figueroa. |
| 260 |
_aMadrid : _bStudium, _c[1960] ( _fBolaños y Aguilar) |
||
| 300 |
_a167 p. ; _c18 cm. |
||
| 490 | 1 |
_aColección "Hogar" ; _v25 |
|
| 650 | 0 | 4 |
_aCelibato. _910868 |
| 700 | 1 |
_aSan Martín Figueroa, Francisco. _9102271 |
|
| 700 | 1 |
_aCarre, Ambroise-Marie. _935592 |
|
| 830 | 0 |
_aColección "Hogar" ; _v25 _9220446 |
|
| 852 |
_aES-MaACL _jE-2423 _bR.47619 |
||
| 999 |
_c40549 _d40549 |
||